[Event "Julius Baer GenCup Prelim"]
[Site "chess24.com INT"]
[Date "2022.09.21"]
[Round "13.4"]
[White "Adhiban, Baskaran"]
[Black "Gelfand, Boris"]
[Result "1/2-1/2"]
[WhiteTitle "GM"]
[BlackTitle "GM"]
[WhiteElo "2603"]
[BlackElo "2668"]
[WhiteFideId "5018471"]
[BlackFideId "2805677"]
[EventDate "2022.09.18"]

1. b3 e5 2. Bb2 Nc6 3. e3 g6 4. Nf3 Bg7 5. c4 d6 6. Be2 Nf6 7. d3 O-O 8. Nc3 d5
9. cxd5 Nxd5 10. Nxd5 Qxd5 11. O-O Rd8 12. a3 a5 13. Qc2 Be6 14. Nd2 f5 15. Rac1
e4 16. d4 Qd7 17. f3 exf3 18. Bxf3 Bd5 19. Kh1 Bxf3 20. Nxf3 Qd5 21. g4 fxg4 22.
e4 Qh5 23. d5 Bxb2 24. dxc6 b6 25. Qxb2 gxf3 26. Qc3 Rf8 27. Rcd1 Rf7 28. Qc4
Rf8 29. Rd3 Qc5 30. Qxc5 bxc5 31. Rd7 Rb8 32. e5 Re8 33. Rd5 c4 34. bxc4 a4 35.
Kg1 Re6 36. Ra5 Rf4 37. Rxa4 Rxe5 38. Ra7 Rf7 39. Kf2 Re2+ 40. Kg3 Rg2+ 41. Kh3
Rg5 42. Rb7 Rc5 43. Rb3 f2 44. Kg2 Rg5+ 45. Rg3 Rc5 46. Rxf2 Rxc4 47. Rxf7 Kxf7
48. Rd3 Rxc6 49. Rd7+ Ke6 50. Rxh7 Rc3 51. a4 c5 52. a5 Ra3 53. Rg7 Kf5 54. Ra7
Kg4 55. a6 Ra2+ 56. Kf1 Rxh2 57. Rc7 Ra2 58. Rxc5 Rxa6 59. Rc3 g5 60. Kg1 Ra2
61. Rb3 Kf4 62. Rc3 Re2 63. Rb3 Re3 64. Rxe3 Kxe3 65. Kg2 Kf4 66. Kf2 g4 67. Kg2
g3 68. Kg1 Kf3 69. Kf1 g2+ 70. Kg1 Kg3 1/2-1/2

[Event "Julius Baer GenCup Prelim"]
[Site "chess24.com INT"]
[Date "2022.09.21"]
[Round "14.6"]
[White "Yoo, Christopher Woojin"]
[Black "Adhiban, Baskaran"]
[Result "1-0"]
[WhiteTitle "GM"]
[BlackTitle "GM"]
[WhiteElo "2563"]
[BlackElo "2603"]
[WhiteFideId "30909694"]
[BlackFideId "5018471"]
[EventDate "2022.09.18"]

1. Nf3 f5 2. d3 d6 3. e4 e5 4. Nc3 Nc6 5. d4 fxe4 6. Nxe4 d5 7. Nc3 e4 8. Ng1
Nf6 9. Bg5 Bb4 10. Ne2 h6 11. Bh4 O-O 12. a3 Be7 13. h3 Be6 14. Qd2 Nh5 15. Bxe7
Qxe7 16. g4 Qf6 17. O-O-O Nf4 18. Ng3 Ng6 19. Ngxe4 dxe4 20. d5 Rad8 21. Qe3 Bd7
22. dxc6 Bxc6 23. Rxd8 Rxd8 24. Bg2 Rf8 25. Nxe4 Qf4 26. Re1 Nh4 27. Bh1 Nf3 28.
Bxf3 Qxf3 29. Ng3 Qxf2 30. Nf5 Qxe3+ 31. Rxe3 Bd7 32. Nd4 Rf4 33. Nf3 Bc6 34.
Ne5 Re4 35. Kd2 Rxe3 36. Kxe3 Bg2 37. h4 Kf8 38. Ng6+ Ke8 39. Nf4 Bc6 40. Ne6 g6
41. Nf4 Bd7 42. Nd5 Bc6 43. Nb4 Bd7 44. Kf4 Ke7 45. g5 hxg5+ 46. Kxg5 Kf7 47.
Nd5 c6 48. Nf4 Bf5 49. h5 Bxc2 50. hxg6+ Ke7 51. Ng2 a5 52. Ne3 Bb1 53. Nc4 a4
54. Nb6 Bc2 55. g7 Kf7 56. Kh6 Kg8 57. Nd7 Kf7 58. Nf6 1-0